|
|
|
|
| LEADER |
00000cam a2200000 i 4500 |
| 001 |
1/92995 |
| 008 |
080902m19589999 gre d |
| 035 |
|
|
|l 10099830
|
| 040 |
|
|
|a GR-MY-UA
|b gre
|e aacr
|
| 041 |
0 |
|
|a gre
|
| 082 |
0 |
|
|a 373.495
|2 (22)
|
| 245 |
1 |
0 |
|a Πρακτικά Α' εκπαιδευτικού συνεδρίου :
|b εν Λαρίση, (8-11 Σεπτεμβρίου 1957) /
|c Γενική Επιθεώρησις Μέσης Εκπαιδεύσεως ΣΤ' Πειφέρειας
|
| 260 |
|
|
|a Βόλος :
|b [χ.ό.],
|c 1958-
|
| 300 |
|
|
|a 2 τ.;
|b φωτ.;
|c 25 εκ.
|
| 500 |
|
|
|a Το Παράρτημα της Ρόδου διαθέτει τον 1ο τόμο του έργου
|
| 504 |
|
|
|a Περιλαμβάνει βιβλιογραφίες
|
| 650 |
0 |
0 |
|a Education
|x Congresses.
|
| 650 |
0 |
0 |
|a Education, Secondary
|z Greece
|x Congresses.
|
| 710 |
2 |
|
|a Γενική Επιθεώρησις Μέσης Εκπαιδεύσεως ΣΤ' Περιφέρειας.
|
| 710 |
2 |
|
|a Εκπαιδευτικό Συνέδριο.
|
| 852 |
|
|
|a INST
|b RHODES
|c AKA
|e 20080902
|h 373.495 ΠΡΑ
|p 005400027411
|q 005400027411
|t BK
|v τ.1:
|y 0
|z τ.1
|
| 853 |
|
|
|a INST
|b RHODES
|c AKA
|h 373.495 ΠΡΑ
|
| 901 |
|
|
|a BIBL4-2008-3
|
| 909 |
|
|
|a Ρ
|b 152839
|
| 970 |
|
|
|a ΧΑΡΙΟΠΟΛΙΤΟΥ
|b ΚΩΝΣΤΑΝΤΙΝΑ
|z 2008/09/02
|